00654nam a2200169 a 4500003000200000005001700002008004100019050002600060100002600086245010200112260009000214300004000304504004100344650003600385650003800421650002500459020250415154024.0060724s19uu xx 00 eng d aPHS TJ 807b.B78 2006 aBruce, Adrian Karl E. aA Profile of Asian countries that practice alternative energy resourcing /cAdrian Karl E. Bruce. aLas Piñas City, Philippines :bSouthville International School and Colleges,c2006. a49 pages :billustrations ;c28 cm. aIncludes bibliographical references. aRenewable energy sourceszAsia. aAlternative energy sourceszAsia. aEnergy policyzAsia.